| 000 | 00962cab a2200289 4500 | ||
|---|---|---|---|
| 001 | ABS53103 | ||
| 008 | 090401t1995 xxu||||| |||| 00| 0 eng d | ||
| 035 | _a(Sirsi) u2083 | ||
| 041 | _aeng | ||
| 100 | _aSolomon, M. | ||
| 245 | _aMall monotony | ||
| 260 | _c1995 | ||
| 350 | _a0 | ||
| 490 |
_aEuroProperty _vJune 1995, 6-7(2) |
||
| 520 | _aReports on the drop in European foreign investment in shopping centres, particularly in Southern Europe, despite an increase in the number of developments. Predicts that American investment will fill this gap. | ||
| 650 | _aFOREIGN INVESTMENT-UNITED STATES | ||
| 650 | _aINVESTMENT MARKET | ||
| 650 | _aITALY | ||
| 650 | _aPROPERTY-COMMERCIAL PROPERTY-RETAIL PROPERTY-RETAIL PROPERTY MARKET | ||
| 650 | _aSHOPPING CENTRES | ||
| 650 | _aSOUTHERN EUROPE | ||
| 650 | _aSPAIN | ||
| 690 | _aPROPERTY-COMMERCIAL PROPERTY-RETAIL PROPERTY | ||
| 690 | _aOVERSEAS-EUROPE | ||
| 942 | _n0 | ||
| 948 | _c04/03/1997 | ||
| 999 |
_c1247 _d1247 |
||